00334nam a2200121Ia 45000030006000000080041000060400015000471000034000622450045000962600042001415460012001830050017001950STCL150530s9999 xx 000 0 und d aSTCLcSTCL aWoodward Vann, C.; Others EDS aComparative approach to American history bVoice of America Forum Lecturesc1968 aEnglish20220125171502.0